Statistics for Olympic cities I've visited

Click here to take the quiz!

General Stats

  • This quiz has been taken 13 times
  • The average score is 12 of 18

Answer Stats

Olympic host% Correct
London
100%
Paris
100%
Sydney
100%
Berlin
92%
Los Angeles
92%
Rome
92%
Amsterdam
85%
Atlanta
85%
Barcelona
85%
Melbourne
85%
Munich
85%
Beijing
69%
Innsbruck
46%
Garmisch-Partenkirchen
31%
St. Moritz
31%
Albertville
23%
Chamonix
23%
Grenoble
23%

Score Distribution

Percentile by Number Answered

Percent of People with Each Score

Your Score History

You have not taken this quiz